| 000 | 00679nam a22002177a 4500 | ||
|---|---|---|---|
| 999 |
_c1551 _d1551 |
||
| 001 | 6798 | ||
| 003 | BD-DhUAP | ||
| 005 | 20200210110029.0 | ||
| 008 | 200210s1976 ii ||||| |||| 001 0 eng d | ||
| 040 |
_aBD-DhUAP _bEng _cBD-DhUAP _dBD-DhUAP |
||
| 082 |
_223 _a297.63 HAY |
||
| 100 | _a Haykal , Muḥammad Ḥusayn. | ||
| 245 |
_aThe life of Muhammad / _cMuḥammad Ḥusayn Haykal ; translated by Ismaʼil Ragi A. Al-Faruqi. |
||
| 250 | _a8th ed. | ||
| 260 |
_aNew Delhi : _bMillat book center, _c1976. |
||
| 300 |
_axcvii, 639 pages ; _c25 cm. |
||
| 500 | _aInclude index. | ||
| 600 |
_aMuḥammad, _d632. _vProphet. |
||
| 700 | _aAl-Faruqi, Ismaʼil Ragi A. | ||
| 942 |
_2ddc _cBK |
||